| 000 | 00327cam a22001097a 4500 | ||
|---|---|---|---|
| 008 | 180718b1957 xxu||||| |||| 00| 0 eng d | ||
| 082 | _aF51x5401 In2e/57 | ||
| 245 | _aElection manifesto, Indian National Congress, 1957 | ||
| 260 |
_aDelhi _bIndian National Congress _c1957 |
||
| 300 | _a19p. | ||
| 650 | _aElection manifesto - India | ||
| 999 |
_c479893 _d479893 |
||